[Event "CZE-ch (Women)"]
[Site "Bystrice nad Pernstejnem"]
[Date "2023.05.14"]
[Round "3.2"]
[White "Sikorova, Olga"]
[Black "Olsarova, Karolina"]
[Result "1/2-1/2"]
[WhiteElo "2158"]
[BlackElo "2260"]
[PlyCount "82"]
[EventDate "2023.05.09"]
[EventType "k.o."]
[EventRounds "4"]
[EventCountry "CZE"]
[SourceTitle "CBM 214 Extra"]
[Source "ChessBase"]
[SourceDate "2023.07.31"]
[SourceVersion "1"]
[SourceVersionDate "2023.07.31"]
[SourceQuality "1"]

1. Nf3 d5 2. g3 Nf6 3. Bg2 c6 4. 0-0 Bg4 5. d3 Nbd7 6. h3 Bh5 7. Nbd2 e6 8. e4 Be7 9. Qe1 dxe4 10. dxe4 Nc5 11. b4 Na4 12. Nb3 Bg6 13. Ne5 Nd7 14. Nxd7 Qxd7 15. Bf4 Rd8 16. a3 0-0 17. Bf3 c5 18. Qe3 Qb5 19. Na5 cxb4 20. axb4 Bxb4 21. Nxb7 Qxb7 22. Rxa4 a5 23. Qb3 Bxe4 24. Bxe4 Qxe4 25. Bc7 Rd4 26. Bb6 Rd5 27. Bxa5 Rxa5 28. Rxb4 Qf5 29. h4 h5 30. c4 Rc5 31. Rb5 Rfc8 32. Rxc5 Qxc5 33. Rc1 e5 34. Rc3 g6 35. Qc2 Rd8 36. Rd3 Rc8 37. Rc3 Rd8 38. Rd3 Rc8 39. Qe2 Qxc4 40. Rd8+ Kh7 41. Qxc4 Rxc4 1/2-1/2

[Event "CZE-ch (Women)"]
[Site "Bystrice nad Pernstejnem"]
[Date "2023.05.13"]
[Round "3.1"]
[White "Olsarova, Karolina"]
[Black "Sikorova, Olga"]
[Result "1-0"]
[WhiteElo "2260"]
[BlackElo "2158"]
[PlyCount "101"]
[EventDate "2023.05.09"]
[EventType "k.o."]
[EventRounds "4"]
[EventCountry "CZE"]
[SourceTitle "CBM 214 Extra"]
[Source "ChessBase"]
[SourceDate "2023.07.31"]
[SourceVersion "1"]
[SourceVersionDate "2023.07.31"]
[SourceQuality "1"]

1. e4 c5 2. Nf3 a6 3. c4 e6 4. Nc3 Qc7 5. g3 b6 6. Bg2 Bb7 7. 0-0 Nc6 8. b3 Nf6 9. Re1 d6 10. d4 cxd4 11. Nxd4 Be7 12. Nde2 0-0 13. h3 Rac8 14. Be3 Nd7 15. Qd2 Qb8 16. Rab1 Bd8 17. Red1 Bc7 18. Nf4 Nf6 19. Qe2 Ne7 20. Bc1 Rfe8 21. Qf3 b5 22. Nh5 Nxh5 23. Qxh5 bxc4 24. bxc4 Qa8 25. Ba3 Ng6 26. Rb3 Red8 27. Rd4 Qa7 28. Qd1 Bb6 29. c5 dxc5 30. Rxd8+ Bxd8 31. Qd7 Rb8 32. Rxb7 Rxb7 33. Qxd8+ Nf8 34. Na4 Rb8 35. Qd6 h6 36. Bxc5 Qb7 37. Nb6 Re8 38. e5 Qb8 39. a4 f6 40. exf6 gxf6 41. Qd4 Qc7 42. Qg4+ Kf7 43. Qh5+ Ng6 44. Be3 Qc2 45. Kh2 Rd8 46. Qf3 a5 47. Qb7+ Ne7 48. Bf3 Qf5 49. Kg2 h5 50. Qc7 Re8 51. Nc4 1-0

[Event "Olympiad Women-44"]
[Site "Chennai"]
[Date "2022.08.09"]
[Round "11.3"]
[White "Cramling Bellon, Anna"]
[Black "Olsarova, Karolina"]
[Result "0-1"]
[WhiteElo "2065"]
[BlackElo "2230"]
[PlyCount "168"]
[EventDate "2022.07.29"]
[EventType "team-swiss"]
[EventRounds "11"]
[EventCountry "IND"]
[SourceTitle "CBM 210"]
[Source "ChessBase"]
[SourceDate "2022.10.31"]
[SourceVersion "1"]
[SourceVersionDate "2022.10.31"]
[SourceQuality "1"]
[WhiteTeam "Sweden (W)"]
[BlackTeam "Czech Republic (W)"]
[WhiteTeamCountry "SWE"]
[BlackTeamCountry "CZE"]

1. d4 Nf6 2. c4 e6 3. Nf3 b6 4. Nc3 Bb7 5. Bg5 h6 6. Bh4 Be7 7. e3 d6 8. Bd3 Nbd7 9. 0-0 0-0 10. Qe2 e5 11. Bc2 Re8 12. dxe5 Bxf3 13. Qxf3 Nxe5 14. Qe2 Nfd7 15. Bxe7 Rxe7 16. f4 Ng6 17. f5 Nge5 18. f6 Nxf6 19. Rxf6 gxf6 20. Nd5 Re6 21. Bf5 c6 22. Nf4 Re8 23. Qh5 Kg7 24. Qh4 Rg8 25. Rf1 Qe7 26. Nh5+ Kf8 27. Nxf6 h5 28. h3 Rg7 29. Qxh5 Qxf6 30. Qh8+ Ke7 31. Qxa8 Rg5 32. e4 Qh6 33. Qxa7+ Kf8 34. Qxb6 Rg3 35. Qf2 Qg5 36. Bg4 Rd3 37. Qf4 Qh4 38. Qf6 Qxf6 39. Rxf6 Ke7 40. Rf2 Rd4 41. Bf5 Nxc4 42. g4 Nd2 43. Re2 Kf6 44. Kf2 Ke5 45. h4 Kf4 46. h5 Nf3 47. e5 Nxe5 48. h6 Rb4 49. h7 Rb8 50. Re4+ Kg5 51. Rb4 Rh8 52. a4 Ng6 53. Bxg6 Kxg6 54. Rb6 Rxh7 55. a5 f5 56. gxf5+ Kxf5 57. a6 Ke5 58. Rb7 Rh1 59. Rb3 Rh7 60. Ra3 Ra7 61. Ke3 Kd5 62. Ra5+ Kc4 63. Ke4 Kb4 64. Ra3 Kb5 65. Rd3 d5+ 66. Kd4 Kxa6 67. Kc5 Kb7 68. Kd6 Ra6 69. Rg3 Rb6 70. b3 Rb5 71. Rc3 d4 72. Rd3 Rd5+ 73. Ke6 Kb6 74. Kf6 Kb5 75. Ke6 Kb4 76. Kf6 Ka3 77. Ke6 Kb2 78. b4 Kc2 79. Rh3 d3 80. b5 Rxb5 81. Kd6 d2 82. Rh2 Kc1 83. Kxc6 Rg5 84. Rh1+ d1Q 0-1

[Event "Olympiad Women-44"]
[Site "Chennai"]
[Date "2022.08.07"]
[Round "9.2"]
[White "Miranda Llanes, Yerisbel"]
[Black "Olsarova, Karolina"]
[Result "0-1"]
[WhiteElo "2347"]
[BlackElo "2230"]
[PlyCount "68"]
[EventDate "2022.07.29"]
[EventType "team-swiss"]
[EventRounds "11"]
[EventCountry "IND"]
[SourceTitle "CBM 210"]
[Source "ChessBase"]
[SourceDate "2022.10.31"]
[SourceVersion "1"]
[SourceVersionDate "2022.10.31"]
[SourceQuality "1"]
[WhiteTeam "Cuba (W)"]
[BlackTeam "Czech Republic (W)"]
[WhiteTeamCountry "CUB"]
[BlackTeamCountry "CZE"]

1. d4 Nf6 2. c4 e6 3. Nc3 Bb4 4. e3 0-0 5. Bd2 b6 6. Nf3 Bb7 7. Bd3 d5 8. cxd5 exd5 9. 0-0 Bd6 10. Qb1 Nbd7 11. b4 a6 12. a4 Re8 13. b5 axb5 14. Nxb5 Bf8 15. Bb4 c5 16. dxc5 Nxc5 17. Bc2 Nfe4 18. Ra3 Rc8 19. Rd1 Qf6 20. Be1 Qh6 21. Nbd4 Ba6 22. Nb5 Qh5 23. Ra1 Re6 24. Qb2 Be7 25. Rdc1 Rg6 26. Bd1 Qh3 27. g3 Bf6 28. Nfd4 Nd3 29. Rxc8+ Bxc8 30. Qe2 Rh6 31. f3 Nef2 32. Qd2 Qxh2+ 33. Kf1 Bh3+ 34. Ke2 Qg2 0-1

[Event "CZE-ch (Women)"]
[Site "Jaromerice nad Rokytnou"]
[Date "2022.05.24"]
[Round "4"]
[White "Olsarova, Karolina"]
[Black "Nemcova, Karin"]
[Result "1/2-1/2"]
[WhiteElo "2229"]
[BlackElo "2181"]
[PlyCount "87"]
[EventDate "2022.05.21"]
[EventType "tourn"]
[EventRounds "9"]
[EventCountry "CZE"]
[SourceTitle "CBM 208 Extra"]
[Source "ChessBase"]
[SourceDate "2022.07.31"]
[SourceVersion "1"]
[SourceVersionDate "2022.07.31"]
[SourceQuality "1"]

1. e4 c5 2. Nf3 d6 3. d4 cxd4 4. Nxd4 Nf6 5. Nc3 a6 6. Be3 e5 7. Nf3 Be7 8. Bc4 0-0 9. 0-0 Be6 10. Qe2 b5 11. Bb3 h6 12. Rfd1 Nbd7 13. Nh4 b4 14. Na4 Nxe4 15. Bxe6 fxe6 16. Ng6 Rf6 17. Nxe7+ Qxe7 18. Qc4 Ng5 19. Bxg5 hxg5 20. Qxb4 Nc5 21. Nxc5 dxc5 22. Qe4 Raf8 23. Rd2 Qf7 24. Rf1 Rf5 25. Qc6 g4 26. Qxc5 Rh5 27. Qe3 Qg6 28. Rfd1 Rf3 29. Rd8+ Kh7 30. Qd2 Rhf5 31. Rc8 Rxf2 32. Qxf2 Rxf2 33. Kxf2 Qf5+ 34. Kg1 e4 35. Rc3 e3 36. Rxe3 Qxc2 37. Rde1 Qxb2 38. a3 a5 39. R1e2 Qd4 40. Kh1 e5 41. Re1 Qa4 42. h3 gxh3 43. Rxh3+ Kg6 44. Rhe3 1/2-1/2

[Event "CZE-ch (Women)"]
[Site "Jaromerice nad Rokytnou"]
[Date "2022.05.21"]
[Round "1"]
[White "Sikorova, Olga"]
[Black "Olsarova, Karolina"]
[Result "1/2-1/2"]
[WhiteElo "2173"]
[BlackElo "2229"]
[PlyCount "113"]
[EventDate "2022.05.21"]
[EventType "tourn"]
[EventRounds "9"]
[EventCountry "CZE"]
[SourceTitle "CBM 208 Extra"]
[Source "ChessBase"]
[SourceDate "2022.07.31"]
[SourceVersion "1"]
[SourceVersionDate "2022.07.31"]
[SourceQuality "1"]

1. Nf3 d5 2. c4 c6 3. g3 Nf6 4. Bg2 Bg4 5. cxd5 Bxf3 6. Bxf3 cxd5 7. 0-0 Nc6 8. Bg2 e6 9. Nc3 Bc5 10. b3 h5 11. Bb2 h4 12. e3 Qe7 13. d4 Bb4 14. a3 Bxc3 15. Bxc3 Ne4 16. Bxe4 dxe4 17. d5 0-0-0 18. Qg4 Rxd5 19. Qxe4 Qg5 20. Rfc1 hxg3 21. hxg3 Qh5 22. b4 f5 23. Qg2 Rhd8 24. Bxg7 Kb8 25. Bc3 Qe2 26. Qf1 Qg4 27. b5 Ne5 28. Bxe5+ Rxe5 29. Rc4 Qf3 30. Rf4 Qh5 31. Rd4 Red5 32. Rxd5 Rxd5 33. a4 Qf3 34. Qc4 Rd2 35. Qf4+ Qxf4 36. exf4 Kc7 37. Kf1 Kb6 38. Re1 Rd6 39. Rc1 Ka5 40. Rc4 Rd2 41. Rc7 Kb6 42. Re7 Rd6 43. f3 a6 44. Ke2 axb5 45. axb5 Kxb5 46. Rxb7+ Kc5 47. Rc7+ Kd5 48. Rc2 Ra6 49. Rd2+ Kc5 50. g4 Ra4 51. Ke3 fxg4 52. fxg4 e5 53. fxe5 Rxg4 54. Kf3 Rh4 55. e6 Rh6 56. Re2 Rh8 57. Kf4 1/2-1/2

[Event "CZE-chT1W 2122"]
[Site "Czech Republic"]
[Date "2021.12.12"]
[Round "5.5"]
[White "Olsarova, Karolina"]
[Black "Parizek, Vojtech"]
[Result "1/2-1/2"]
[WhiteElo "2294"]
[BlackElo "2212"]
[PlyCount "73"]
[EventDate "2021.10.10"]
[EventType "team-tourn"]
[EventRounds "11"]
[EventCountry "CZE"]
[SourceTitle "EXT 2023"]
[Source "ChessBase"]
[SourceDate "2022.10.05"]
[SourceVersion "1"]
[SourceVersionDate "2022.10.05"]
[SourceQuality "1"]
[WhiteTeam "Pankrac"]
[BlackTeam "Kobylisy"]
[WhiteTeamCountry "CZE"]
[BlackTeamCountry "CZE"]

1. Nf3 Nf6 2. d4 e6 3. Bf4 c5 4. c3 b6 5. e3 Be7 6. h3 0-0 7. Bd3 Bb7 8. Nbd2 d6 9. 0-0 Nbd7 10. Qe2 Qc7 11. Bh2 Rfe8 12. e4 e5 13. dxe5 Nxe5 14. Nxe5 dxe5 15. Nc4 Bd6 16. Rad1 Rad8 17. a4 Qe7 18. Ne3 g6 19. Ng4 Nxg4 20. Qxg4 Bc7 21. Bg3 Bc8 22. Qh4 Qf8 23. Qg5 f6 24. Qe3 Be6 25. Qe2 Qf7 26. Bb5 Rxd1 27. Rxd1 Rd8 28. Rxd8+ Bxd8 29. Qd2 Bc7 30. Bc6 Kg7 31. f3 Qe7 32. Bd5 c4 33. Bxe6 Qxe6 34. Bf2 Kf7 35. Qh6 Kg8 36. Qd2 Kf7 37. Qh6 1/2-1/2

[Event "EU-chT (Women) 23rd"]
[Site "Terme Catez"]
[Date "2021.11.21"]
[Round "9.1"]
[White "Danielian, Elina"]
[Black "Olsarova, Karolina"]
[Result "1-0"]
[WhiteElo "2450"]
[BlackElo "2281"]
[PlyCount "129"]
[EventDate "2021.11.12"]
[EventType "team-swiss"]
[EventRounds "9"]
[EventCountry "SLO"]
[SourceTitle "CBM 205"]
[Source "ChessBase"]
[SourceDate "2021.12.31"]
[SourceVersion "1"]
[SourceVersionDate "2021.12.31"]
[SourceQuality "1"]
[WhiteTeam "Armenia (W)"]
[BlackTeam "Czech Republic (W)"]
[WhiteTeamCountry "ARM"]
[BlackTeamCountry "CZE"]

1. Nf3 d5 2. g3 Nf6 3. Bg2 c6 4. c4 Bg4 5. Ne5 Be6 6. cxd5 Bxd5 7. Nf3 c5 8. Nc3 Bc6 9. 0-0 e6 10. d3 Be7 11. e4 0-0 12. Qe2 b5 13. Rd1 b4 14. Nb1 Bb7 15. Nbd2 Nc6 16. Nb3 Qb6 17. Be3 Rac8 18. Rac1 Na5 19. Nfd2 Rfd8 20. Nxa5 Qxa5 21. Nc4 Qb5 22. a3 a5 23. a4 Qa6 24. h4 Nd7 25. h5 h6 26. b3 Bf6 27. Qg4 Kh8 28. Bf4 e5 29. Be3 Nf8 30. Bh3 Rc7 31. Qf3 Re8 32. Rc2 Kg8 33. Rdc1 Bc8 34. Bxc8 Rexc8 35. Qg4 Kh8 36. f4 Nd7 37. Qf5 Re8 38. Rf1 Re6 39. Kh2 Kg8 40. Rg2 Kf8 41. g4 Nb6 42. Nxe5 Ke8 43. Nc4 Nxc4 44. dxc4 Bd4 45. Bxd4 cxd4 46. e5 Kf8 47. Qe4 Rd7 48. Rd2 Qb6 49. Rfd1 d3 50. Kg3 f6 51. Rxd3 Rxd3+ 52. Qxd3 fxe5 53. f5 Re8 54. Qd6+ Qxd6 55. Rxd6 e4 56. Rd2 Kf7 57. Kf4 Kf6 58. Rd6+ Kf7 59. Ke3 Re7 60. Rd5 Ra7 61. Kxe4 Re7+ 62. Re5 Ra7 63. c5 Rc7 64. Kd5 Rd7+ 65. Kc4 1-0

[Event "EU-chT (Women) 23rd"]
[Site "Terme Catez"]
[Date "2021.11.16"]
[Round "5.1"]
[White "Olsarova, Karolina"]
[Black "Stojkovska, Monika"]
[Result "1-0"]
[WhiteElo "2281"]
[BlackElo "2066"]
[PlyCount "81"]
[EventDate "2021.11.12"]
[EventType "team-swiss"]
[EventRounds "9"]
[EventCountry "SLO"]
[SourceTitle "CBM 205"]
[Source "ChessBase"]
[SourceDate "2021.12.31"]
[SourceVersion "1"]
[SourceVersionDate "2021.12.31"]
[SourceQuality "1"]
[WhiteTeam "Czech Republic (W)"]
[BlackTeam "North Macedonia (W)"]
[WhiteTeamCountry "CZE"]
[BlackTeamCountry "MKD"]

1. e4 e6 2. d4 d5 3. Nd2 c5 4. exd5 Qxd5 5. Ngf3 cxd4 6. Bc4 Qd7 7. 0-0 Nc6 8. Nb3 a6 9. Nbxd4 Nxd4 10. Nxd4 Qc7 11. Qe2 Bd6 12. Kh1 Ne7 13. Rd1 Bxh2 14. Bxe6 Be5 15. Bxc8 Rxc8 16. Bg5 0-0 17. Nf3 Bxb2 18. Rab1 Ba3 19. Rb3 Bc5 20. Rc3 Ng6 21. Be3 Qa5 22. Qc4 b5 23. Qb3 Bxe3 24. Rxe3 Qc7 25. Rd2 Qc4 26. Kg1 h6 27. Red3 Nf4 28. Rd7 Rc5 29. g3 Ne2+ 30. Kg2 Nc3 31. Ra7 Qxb3 32. axb3 Rc6 33. Ne5 Re6 34. f4 Ne4 35. Rdd7 Rf6 36. Re7 Rd8 37. Nxf7 Rd2+ 38. Kf3 Rf2+ 39. Ke3 Rf1 40. Re8+ Kh7 41. Rxe4 1-0

[Event "EU-chT (Women) 23rd"]
[Site "Terme Catez"]
[Date "2021.11.15"]
[Round "4.10"]
[White "Olsarova, Karolina"]
[Black "Zaksaite, Salomeja"]
[Result "0-1"]
[WhiteElo "2281"]
[BlackElo "2250"]
[PlyCount "102"]
[EventDate "2021.11.12"]
[EventType "team-swiss"]
[EventRounds "9"]
[EventCountry "SLO"]
[SourceTitle "CBM 205"]
[Source "ChessBase"]
[SourceDate "2021.12.31"]
[SourceVersion "1"]
[SourceVersionDate "2021.12.31"]
[SourceQuality "1"]
[WhiteTeam "Czech Republic (W)"]
[BlackTeam "Lithuania (W)"]
[WhiteTeamCountry "CZE"]
[BlackTeamCountry "LTU"]

1. Nf3 Nf6 2. c4 g6 3. Nc3 d5 4. cxd5 Nxd5 5. e4 Nxc3 6. dxc3 Qxd1+ 7. Kxd1 f6 8. Be3 e5 9. Nd2 Be6 10. Bc4 Bxc4 11. Nxc4 Nd7 12. Kc2 Bc5 13. Rhd1 Bxe3 14. Nxe3 0-0-0 15. b4 Nb6 16. Rxd8+ Rxd8 17. a4 c6 18. a5 Nd7 19. Rf1 Kc7 20. Nc4 Re8 21. Rd1 Re6 22. Rd3 Re7 23. h4 f5 24. exf5 gxf5 25. Nd6 f4 26. Ne4 b6 27. g4 fxg3 28. fxg3 c5 29. b5 bxa5 30. Rd6 Nb6 31. Rc6+ Kd8 32. Rxc5 a4 33. Rc6 Rc7 34. Rd6+ Ke7 35. Rh6 Kf8 36. g4 Nd5 37. Kb2 Rc4 38. Nf6 Nxc3 39. Rxh7 Nxb5 40. Nd7+ Kg8 41. Nf6+ Kf8 42. g5 a3+ 43. Kb3 Rc3+ 44. Kb4 Rf3 45. Rh8+ Kf7 46. Rd8 a2 47. Rd1 Nd4 48. Nd7 Rb3+ 49. Kc5 Rb1 50. Nxe5+ Ke6 51. Rxd4 Kxe5 0-1

[Event "EU-chT (Women) 23rd"]
[Site "Terme Catez"]
[Date "2021.11.13"]
[Round "2.12"]
[White "Olsarova, Karolina"]
[Black "Cvitan, Ena"]
[Result "0-1"]
[WhiteElo "2281"]
[BlackElo "2234"]
[PlyCount "130"]
[EventDate "2021.11.12"]
[EventType "team-swiss"]
[EventRounds "9"]
[EventCountry "SLO"]
[SourceTitle "CBM 205"]
[Source "ChessBase"]
[SourceDate "2021.12.31"]
[SourceVersion "1"]
[SourceVersionDate "2021.12.31"]
[SourceQuality "1"]
[WhiteTeam "Czech Republic (W)"]
[BlackTeam "Croatia (W)"]
[WhiteTeamCountry "CZE"]
[BlackTeamCountry "CRO"]

1. c4 e6 2. Nf3 d5 3. e3 Nf6 4. Nc3 a6 5. b3 c5 6. cxd5 exd5 7. d4 Nc6 8. Bb2 Bg4 9. Be2 Bxf3 10. Bxf3 cxd4 11. exd4 Bb4 12. 0-0 Bxc3 13. Bxc3 0-0 14. Qd3 Qd7 15. Bd2 Ne4 16. g3 Qf5 17. Bg2 Qf6 18. Be3 Nb4 19. Qe2 Nc6 20. Qd3 Nb4 21. Qe2 Nc6 22. Qb2 Rac8 23. a3 Rfe8 24. Rac1 h5 25. Rfd1 h4 26. Bf4 g5 27. Be5 Nxe5 28. Rxc8 Nf3+ 29. Bxf3 Rxc8 30. Bg2 Kg7 31. Re1 Re8 32. f3 Nd6 33. Re5 Qg6 34. Qc1 Rxe5 35. dxe5 Nf5 36. Qc5 hxg3 37. hxg3 Nxg3 38. Qd6 Ne2+ 39. Kf2 Nf4 40. Bf1 Qxd6 41. exd6 Kf6 42. a4 Ke6 43. b4 Kxd6 44. a5 d4 45. Bc4 f6 46. Ke1 Nd5 47. b5 axb5 48. Bxb5 Nb4 49. Kd2 Kc5 50. Bf1 Nc6 51. a6 bxa6 52. Bxa6 Ne5 53. Bb7 Kc4 54. Ba6+ Kd5 55. Bb7+ Ke6 56. Bc8+ Kf7 57. Ke2 Kg6 58. Kf2 Nd3+ 59. Ke2 Nf4+ 60. Kf2 Kf7 61. Kg3 d3 62. Ba6 d2 63. Bc4+ Ke7 64. Bb3 Ne2+ 65. Kf2 Nc3 0-1

[Event "CZE-ch (Women)"]
[Site "Frydek Mistek"]
[Date "2021.09.19"]
[Round "9"]
[White "Sikorova, Olga"]
[Black "Olsarova, Karolina"]
[Result "0-1"]
[WhiteElo "2205"]
[BlackElo "2280"]
[PlyCount "76"]
[EventDate "2021.09.11"]
[EventType "tourn"]
[EventRounds "9"]
[EventCountry "CZE"]
[SourceTitle "CBM 204 Extra"]
[Source "ChessBase"]
[SourceDate "2021.11.30"]
[SourceVersion "1"]
[SourceVersionDate "2021.11.30"]
[SourceQuality "1"]

1. Nf3 d5 2. c4 c6 3. g3 Nf6 4. Bg2 Bg4 5. 0-0 e6 6. Qb3 Qb6 7. Qc2 Nbd7 8. d3 Bd6 9. b3 0-0 10. Nc3 a5 11. h3 Bxf3 12. Bxf3 Bxg3 13. Be3 Qc7 14. Qd2 Bd6 15. d4 Rfe8 16. cxd5 exd5 17. Kh1 Ne4 18. Bxe4 dxe4 19. f3 Nf6 20. Bg5 Qd7 21. Kg2 exf3+ 22. Rxf3 Ne4 23. Nxe4 Rxe4 24. Raf1 Bb4 25. Qc2 Qd5 26. Bc1 Rae8 27. e3 R8e6 28. Kf2 Qg5 29. Ke2 Qg6 30. Qc4 Qh5 31. R1f2 Rf6 32. Qd3 Rh4 33. e4 Rxh3 34. d5 cxd5 35. exd5 Qg4 36. Qe3 Rhxf3 37. Rxf3 h5 38. Qd3 Qg2+ 0-1

[Event "CZE-ch (Women)"]
[Site "Frydek Mistek"]
[Date "2021.09.13"]
[Round "3"]
[White "Richterova, Natasa"]
[Black "Olsarova, Karolina"]
[Result "0-1"]
[WhiteElo "2160"]
[BlackElo "2280"]
[PlyCount "104"]
[EventDate "2021.09.11"]
[EventType "tourn"]
[EventRounds "9"]
[EventCountry "CZE"]
[SourceTitle "CBM 204 Extra"]
[Source "ChessBase"]
[SourceDate "2021.11.30"]
[SourceVersion "1"]
[SourceVersionDate "2021.11.30"]
[SourceQuality "1"]

1. e4 e5 2. Nf3 Nc6 3. Bb5 Nf6 4. d3 Bc5 5. Bxc6 dxc6 6. Nbd2 Nd7 7. Nc4 0-0 8. Qe2 Re8 9. Bd2 f6 10. 0-0-0 Nf8 11. Be3 Bb6 12. h3 Be6 13. d4 exd4 14. Nxd4 Qe7 15. a3 Kh8 16. f3 Bg8 17. g4 Qf7 18. Nd2 a5 19. Nf5 Bxe3 20. Qxe3 Qa2 21. Nb1 Rad8 22. g5 Qe6 23. Rxd8 Rxd8 24. gxf6 Qxf6 25. Rg1 Ng6 26. Nc3 Be6 27. Rg5 b6 28. Ne2 Bxf5 29. Rxf5 Qd6 30. Nc3 b5 31. e5 Qe6 32. Rh5 Qc4 33. b3 Qf1+ 34. Kb2 b4 35. axb4 axb4 36. Ne2 Ra8 37. Nc1 Qa6 38. c3 Nf4 39. Rf5 Nd5 40. Qc5 Qa1+ 41. Kc2 Kg8 42. cxb4 Rb8 43. Nd3 Qa2+ 44. Kc1 Qxb3 45. Kd2 Ra8 46. Nc1 Qb2+ 47. Ke1 g6 48. Qxc6 Rd8 49. Rg5 Qxb4+ 50. Kf1 Qf4 51. Rxg6+ hxg6 52. Qxg6+ Kf8 0-1

[Event "Mitropa Cup Online (Women)"]
[Site "Tornelo INT"]
[Date "2021.05.12"]
[Round "9.1"]
[White "Olsarova, Karolina"]
[Black "Hakimifard, Ghazal"]
[Result "0-1"]
[WhiteElo "2290"]
[BlackElo "2265"]
[PlyCount "72"]
[EventDate "2021.05.04"]
[EventType "team-tourn"]
[EventRounds "9"]
[EventCountry "SUI"]
[SourceTitle "CBM 202 Extra"]
[Source "ChessBase"]
[SourceDate "2021.07.31"]
[SourceVersion "1"]
[SourceVersionDate "2021.07.31"]
[SourceQuality "1"]
[WhiteTeam "Czech Republic (W)"]
[BlackTeam "Switzerland (W)"]
[WhiteTeamCountry "CZE"]
[BlackTeamCountry "SUI"]

1. e4 c5 2. Nf3 e6 3. d4 cxd4 4. Nxd4 a6 5. Nc3 Qc7 6. Be2 Nf6 7. 0-0 Be7 8. f4 d6 9. Be3 Nbd7 10. Bf3 0-0 11. Qe1 Re8 12. Kh1 Bf8 13. Qh4 Nc5 14. Rae1 e5 15. Nf5 Bxf5 16. exf5 e4 17. Be2 b5 18. g4 Qc6 19. Rd1 Na4 20. Nxa4 bxa4 21. c4 Rab8 22. g5 Rxb2 23. gxf6 Rxe2 24. Rg1 d5 25. cxd5 Qc3 26. Rxg7+ Bxg7 27. Rg1 Kh8 28. Qg4 Qxf6 29. Qxe2 Qxf5 30. Rd1 Rd8 31. d6 Qe6 32. Qxa6 Qxa2 33. Qb6 Rg8 34. d7 Qe2 35. Rg1 Qf3+ 36. Rg2 Be5 0-1

[Event "Mitropa Cup Online (Women)"]
[Site "Tornelo INT"]
[Date "2021.05.05"]
[Round "2.1"]
[White "Olsarova, Karolina"]
[Black "Janzelj, Lara"]
[Result "1/2-1/2"]
[WhiteElo "2290"]
[BlackElo "2212"]
[PlyCount "156"]
[EventDate "2021.05.04"]
[EventType "team-tourn"]
[EventRounds "9"]
[EventCountry "SUI"]
[SourceTitle "CBM 202 Extra"]
[Source "ChessBase"]
[SourceDate "2021.07.31"]
[SourceVersion "1"]
[SourceVersionDate "2021.07.31"]
[SourceQuality "1"]
[WhiteTeam "Czech Republic (W)"]
[BlackTeam "Slovenia (W)"]
[WhiteTeamCountry "CZE"]
[BlackTeamCountry "SLO"]

1. e4 e5 2. Nf3 Nc6 3. Bb5 a6 4. Ba4 Nf6 5. 0-0 Be7 6. Re1 b5 7. Bb3 d6 8. c3 0-0 9. h3 Nb8 10. d4 Nbd7 11. c4 c6 12. Nc3 Rb8 13. a3 Qc7 14. Qc2 Qb6 15. cxb5 axb5 16. Be3 Qb7 17. Red1 h6 18. Rac1 exd4 19. Nxd4 Nc5 20. Ba2 Bd7 21. b4 Na6 22. Nde2 Rfd8 23. Nf4 Ra8 24. Qb3 Be8 25. f3 Nd7 26. Nh5 Ne5 27. Bd4 Bf8 28. Ne2 Qe7 29. f4 Ng6 30. Qf3 Nxb4 31. Bb3 Na6 32. Neg3 Nh4 33. Qg4 Bd7 34. f5 Qg5 35. Qe2 Re8 36. Be3 Qd8 37. Qg4 d5 38. Bxh6 Ng6 39. exd5 c5 40. Bg5 Qb6 41. Ne4 Rxe4 42. Qxe4 Re8 43. Qf3 c4+ 44. Kh1 cxb3 45. fxg6 Qxg6 46. Bf6 Bf5 47. Bb2 Be4 48. Qg4 Qxg4 49. hxg4 Bc2 50. Re1 Rd8 51. Re2 b4 52. axb4 Nxb4 53. Bc3 Nxd5 54. Rd2 Ba3 55. Re1 Nxc3 56. Rxd8+ Kh7 57. Rb8 b2 58. Rf1 Bg6 59. Nf4 b1Q 60. Rfxb1 Bxb1 61. Rb3 Bd6 62. Nh3 Be5 63. Ng5+ Kg6 64. Nf3 Bf6 65. g5 Bxg5 66. Nxg5 Kxg5 67. Rxc3 f5 68. Kh2 Be4 69. Kg3 Bb1 70. Rc6 Be4 71. Rb6 Bd3 72. Rb7 g6 73. Rb6 Be4 74. Kf2 Bc2 75. g3 Bd1 76. Rc6 Bh5 77. Rd6 Bg4 78. Rd8 Bh5 1/2-1/2

[Event "Pardubice blitz op"]
[Site "Pardubice"]
[Date "2020.08.02"]
[Round "6.6"]
[White "Movsesian, Julia"]
[Black "Olsarova, Karolina"]
[Result "0-1"]
[WhiteElo "2342"]
[BlackElo "2286"]
[PlyCount "78"]
[EventDate "2020.08.02"]
[EventType "swiss (blitz)"]
[EventRounds "9"]
[EventCountry "CZE"]
[SourceTitle "CBM 197 Extra"]
[Source "ChessBase"]
[SourceDate "2020.09.30"]
[SourceVersion "1"]
[SourceVersionDate "2020.09.30"]
[SourceQuality "1"]

1. e4 e5 2. Nf3 Nc6 3. Bc4 Bc5 4. c3 Nf6 5. d3 d6 6. 0-0 Bb6 7. Bb3 0-0 8. Nbd2 Ne7 9. Nc4 Ng6 10. Nxb6 axb6 11. h3 h6 12. Bc2 Re8 13. Re1 Nh5 14. d4 Qf6 15. Nh2 Nhf4 16. Kh1 h5 17. d5 h4 18. Ng4 Qe7 19. Qf3 Bd7 20. Kh2 Nh5 21. Bd2 Rf8 22. Nh6+ gxh6 23. Qxh5 Qf6 24. Bxh6 Rfe8 25. Rf1 Nf4 26. Bxf4 Qxf4+ 27. g3 Qf6 28. Rae1 Kf8 29. Re3 Ke7 30. Rf3 Rh8 31. Rxf6 Rxh5 32. Rf3 hxg3+ 33. fxg3 Rxh3+ 34. Kg2 Rh7 35. a3 Rah8 36. R1f2 Bg4 37. Bd1 Rh2+ 38. Kf1 Rh1+ 39. Ke2 Bxf3+ 0-1

[Event "Pardubice blitz op"]
[Site "Pardubice"]
[Date "2020.08.02"]
[Round "4.6"]
[White "Nemec, Jachym"]
[Black "Olsarova, Karolina"]
[Result "0-1"]
[WhiteElo "2150"]
[BlackElo "2286"]
[PlyCount "108"]
[EventDate "2020.08.02"]
[EventType "swiss (blitz)"]
[EventRounds "9"]
[EventCountry "CZE"]
[SourceTitle "CBM 197 Extra"]
[Source "ChessBase"]
[SourceDate "2020.09.30"]
[SourceVersion "1"]
[SourceVersionDate "2020.09.30"]
[SourceQuality "1"]

1. d4 Nf6 2. Nf3 e6 3. c4 Bb4+ 4. Bd2 a5 5. g3 d6 6. Bg2 Nbd7 7. 0-0 e5 8. Be3 0-0 9. a3 exd4 10. Bxd4 Bc5 11. Nc3 Re8 12. Qd2 Bxd4 13. Nxd4 Nc5 14. Rad1 a4 15. Rfe1 Bd7 16. h3 Qe7 17. e4 Qf8 18. Kh2 Bc6 19. Nxc6 bxc6 20. f4 Re7 21. e5 dxe5 22. fxe5 Nfd7 23. Qf4 Ne6 24. Qf2 Ra6 25. Qc2 Nec5 26. Qf5 Qe8 27. Rd2 g6 28. Qf4 Rxe5 29. Red1 Qe6 30. Rxd7 Nxd7 31. Rxd7 Qxd7 32. Qxe5 Qd6 33. Qe8+ Kg7 34. Ne4 Qe6 35. Qxe6 fxe6 36. Nc5 Rb6 37. Nxa4 Rb3 38. Bxc6 Kf6 39. Nc5 Rxb2+ 40. Bg2 Rc2 41. Ne4+ Ke5 42. c5 Ra2 43. Ng5 h6 44. Nf7+ Kd4 45. Nxh6 Kxc5 46. Nf7 Kd4 47. g4 c5 48. Ng5 Ke5 49. Nf3+ Kf4 50. Ne1 c4 51. Kg1 Ke3 52. Bc6 c3 53. a4 Ra1 54. Kf1 c2 0-1